<?xml version="1.0" encoding="UTF-8"?><?xml-stylesheet type="text/xsl" href="static/style.xsl"?><OAI-PMH xmlns="http://www.openarchives.org/OAI/2.0/" xmlns:xsi="http://www.w3.org/2001/XMLSchema-instance" xsi:schemaLocation="http://www.openarchives.org/OAI/2.0/ http://www.openarchives.org/OAI/2.0/OAI-PMH.xsd"><responseDate>2026-06-01T13:00:33Z</responseDate><request verb="GetRecord" identifier="oai:riuma.uma.es:10630/40964" metadataPrefix="marc">https://riuma.uma.es/rest/oai/request</request><GetRecord><record><header><identifier>oai:riuma.uma.es:10630/40964</identifier><datestamp>2026-02-03T11:28:42Z</datestamp><setSpec>com_10630_2254</setSpec><setSpec>col_10630_37953</setSpec></header><metadata><record xmlns="http://www.loc.gov/MARC21/slim" xmlns:dcterms="http://purl.org/dc/terms/" xmlns:doc="http://www.lyncode.com/xoai" xmlns:xsi="http://www.w3.org/2001/XMLSchema-instance" xsi:schemaLocation="http://www.loc.gov/MARC21/slim http://www.loc.gov/standards/marcxml/schema/MARC21slim.xsd">
   <leader>00925njm 22002777a 4500</leader>
   <datafield ind2=" " ind1=" " tag="042">
      <subfield code="a">dc</subfield>
   </datafield>
   <datafield ind2=" " ind1=" " tag="720">
      <subfield code="a">Liarte-Vejrup, Nicolás</subfield>
      <subfield code="e">author</subfield>
   </datafield>
   <datafield ind2=" " ind1=" " tag="720">
      <subfield code="a">Bermúdez-González, Guillermo José</subfield>
      <subfield code="e">author</subfield>
   </datafield>
   <datafield ind2=" " ind1=" " tag="720">
      <subfield code="a">Álvarez-Nobell, Alejandro</subfield>
      <subfield code="e">author</subfield>
   </datafield>
   <datafield ind2=" " ind1=" " tag="260">
      <subfield code="c">2024</subfield>
   </datafield>
   <datafield ind2=" " ind1=" " tag="520">
      <subfield code="a">Sustainability  offers  multiple  opportunities  for  companies  wishing  to  innovate  and  develop  triple-impact stakeholder engagement strategies, particularly the so-called Industry 4.0, a new phase of the industrial  revolution  based  on  interconnectivity,  machine  learning  and  real-time  data.  This  paper  is  a  bibliometric  study  that  aims  to  put  into  perspective  the  contribution  of  Industry  4.0  and  its  contribution to the 2030 agenda.</subfield>
   </datafield>
   <datafield ind1="8" ind2=" " tag="024">
      <subfield code="a">Liarte-Vejrup, N., González, G. J. B., &amp; Novell, A. Á. (2024). Industria 4.0 y sostenibilidad: evaluación del compromiso organizacional con la agenda 2030 desde un enfoque bibliométrico: Industry 4.0 and sustainability: assessing organizational commitment to the 2030 agenda from a bibliometric approach. Revista de Ciencias Empresariales│ Universidad Blas Pascal, (9 (2024)), 9-22</subfield>
   </datafield>
   <datafield ind1="8" ind2=" " tag="024">
      <subfield code="a">https://hdl.handle.net/10630/40964</subfield>
   </datafield>
   <datafield ind1="8" ind2=" " tag="024">
      <subfield code="a">10.37767/2468-9785(2024)001</subfield>
   </datafield>
   <datafield tag="653" ind2=" " ind1=" ">
      <subfield code="a">Información de sostenibilidad</subfield>
   </datafield>
   <datafield tag="653" ind2=" " ind1=" ">
      <subfield code="a">Evaluación de impacto ambiental</subfield>
   </datafield>
   <datafield tag="653" ind2=" " ind1=" ">
      <subfield code="a">Industria - Aspectos ambientales</subfield>
   </datafield>
   <datafield ind2="0" ind1="0" tag="245">
      <subfield code="a">Industria 4.0 y sostenibilidad: evaluación del compromiso organizacional con la agenda 2030 desde un enfoque bibliométrico.</subfield>
   </datafield>
</record>
</metadata></record></GetRecord></OAI-PMH>